[Event "Voronezh op-A 21st"]
[Site "Voronezh"]
[Date "2017.06.12"]
[Round "1"]
[White "Chekletsov, Ilya"]
[Black "Serdjukov, Sergey"]
[Result "1-0"]
[WhiteElo "2378"]
[BlackElo "2054"]
[PlyCount "117"]
[EventDate "2017.06.12"]
[EventType "swiss"]
[EventRounds "9"]
[EventCountry "RUS"]
[SourceTitle "EXT 2018"]
[Source "ChessBase"]
[SourceDate "2017.10.13"]
[SourceVersion "1"]
[SourceVersionDate "2017.10.13"]
[SourceQuality "1"]

1. d4 d6 2. c4 e5 3. Nc3 exd4 4. Qxd4 Nc6 5. Qd2 Be6 6. b3 Nb4 7. e4 a5 8. Bb2 c6 9. Rd1 Nf6 10. Nge2 Be7 11. g3 Ng4 12. Bg2 Bg5 13. Nf4 Bxf4 14. gxf4 Qh4 15. Qe2 Ne3 16. Bf3 Nxd1 17. Nxd1 Qxf4 18. Ne3 0-0 19. Rg1 f6 20. Rg3 Rae8 21. a3 Na6 22. Kf1 Nc5 23. Qc2 Bc8 24. Ng2 Qh6 25. h4 g6 26. b4 axb4 27. axb4 Na6 28. Qc3 Re5 29. Bc1 Qg7 30. Bf4 Be6 31. h5 g5 32. Bxe5 dxe5 33. Ne3 Qd7 34. Nc2 Rd8 35. Be2 Qd2 36. Qxd2 Rxd2 37. Rc3 Kf7 38. Ke1 Rd7 39. Ra3 Ke7 40. c5 Nc7 41. Ra7 Nb5 42. Bxb5 cxb5 43. Ne3 Kd8 44. Ra5 Bc4 45. Nf5 Bf7 46. Ra8+ Kc7 47. Nd6 Rxd6 48. cxd6+ Kxd6 49. h6 Bg6 50. f3 g4 51. Rg8 Bf7 52. Rxg4 Bh5 53. Rg3 Ke6 54. Kf2 f5 55. Rg5 Bf7 56. exf5+ Kf6 57. Rg7 Bd5 58. Rxh7 Kxf5 59. Rd7 1-0

[Event "Voronezh Winter op"]
[Site "Voronezh"]
[Date "2012.01.14"]
[Round "4"]
[White "Mikhailov, Artem"]
[Black "Serdjukov, Sergey"]
[Result "0-1"]
[WhiteElo "1715"]
[BlackElo "2068"]
[PlyCount "72"]
[EventDate "2012.01.11"]
[EventType "swiss"]
[EventRounds "7"]
[EventCountry "RUS"]
[SourceTitle "EXT 2013"]
[Source "ChessBase"]
[SourceDate "2012.11.22"]
[SourceVersion "1"]
[SourceVersionDate "2012.11.22"]
[SourceQuality "1"]

1. e4 c5 2. Nf3 a6 3. d4 cxd4 4. Nxd4 Nf6 5. Nc3 e5 6. Nf3 Qc7 7. Bd3 d6 8. Bg5 Nbd7 9. 0-0 Be7 10. Nh4 h6 11. Bxf6 Nxf6 12. Qf3 g6 13. g3 Be6 14. Kh1 Qc5 15. Ng2 Bg4 16. Qe3 b5 17. Qxc5 dxc5 18. Ne3 Bf3+ 19. Kg1 c4 20. Be2 Bxe2 21. Nxe2 Nxe4 22. Nd5 Bd8 23. Rfe1 0-0 24. Rad1 Ba5 25. Nec3 Nxc3 26. bxc3 f6 27. a4 Rad8 28. axb5 axb5 29. Nb4 Bxb4 30. cxb4 Kf7 31. Kg2 Ke6 32. Ra1 Ra8 33. Red1 Ra4 34. Rxa4 bxa4 35. Ra1 Ra8 36. c3 Kd5 0-1

[Event "Voronezh Winter op"]
[Site "Voronezh"]
[Date "2012.01.11"]
[Round "1"]
[White "Savenko, Ivan"]
[Black "Serdjukov, Sergey"]
[Result "0-1"]
[WhiteElo "1617"]
[BlackElo "2068"]
[PlyCount "60"]
[EventDate "2012.01.11"]
[EventType "swiss"]
[EventRounds "7"]
[EventCountry "RUS"]
[SourceTitle "EXT 2013"]
[Source "ChessBase"]
[SourceDate "2012.11.22"]
[SourceVersion "1"]
[SourceVersionDate "2012.11.22"]
[SourceQuality "1"]

1. Nf3 f5 2. d4 Nf6 3. Bf4 e6 4. a3 c5 5. e3 Qb6 6. b3 Nc6 7. Be2 Nd5 8. dxc5 Bxc5 9. 0-0 Nxf4 10. exf4 a5 11. Nbd2 d5 12. Ra2 Qc7 13. g3 0-0 14. Kg2 Bd7 15. Bb5 Be8 16. Bxc6 bxc6 17. Ne5 g5 18. Nd3 Be7 19. Qe2 Bf7 20. Nf3 g4 21. Nfe5 Be8 22. Re1 Rf6 23. c4 c5 24. cxd5 Qb7 25. Kg1 Qxd5 26. b4 axb4 27. a4 c4 28. Nb2 b3 29. Nbxc4 bxa2 30. Qxa2 Rxa4 0-1

[Event "Voronezh Region-ch"]
[Site "Voronezh"]
[Date "2011.12.11"]
[Round "3"]
[White "Serdjukov, Sergey"]
[Black "Avtsynov, Artyom"]
[Result "0-1"]
[WhiteElo "2070"]
[BlackElo "2011"]
[PlyCount "40"]
[EventDate "2011.12.09"]
[EventType "swiss"]
[EventRounds "9"]
[EventCountry "RUS"]
[SourceTitle "CBM 146 Extra"]
[Source "ChessBase"]
[SourceDate "2012.02.29"]
[SourceVersion "1"]
[SourceVersionDate "2012.02.29"]
[SourceQuality "1"]

1. e4 d6 2. f4 g6 3. d4 Nf6 4. Bd3 Bg7 5. Nf3 c5 6. c3 0-0 7. Nbd2 cxd4 8. cxd4 Nc6 9. Nb3 e5 10. fxe5 dxe5 11. d5 Nb4 12. Bb1 Qb6 13. a3 Ng4 14. Qe2 Nxd5 15. exd5 Qxb3 16. Ba2 Qb6 17. h3 e4 18. Ng5 Ne5 19. Be3 Nd3+ 20. Qxd3 Qxb2 0-1

[Event "Voronezh Region-ch"]
[Site "Voronezh"]
[Date "2011.12.09"]
[Round "1"]
[White "Serdjukov, Sergey"]
[Black "Sergienko, Sergey"]
[Result "0-1"]
[WhiteElo "2070"]
[BlackElo "2407"]
[PlyCount "66"]
[EventDate "2011.12.09"]
[EventType "swiss"]
[EventRounds "9"]
[EventCountry "RUS"]
[SourceTitle "CBM 146 Extra"]
[Source "ChessBase"]
[SourceDate "2012.02.29"]
[SourceVersion "1"]
[SourceVersionDate "2012.02.29"]
[SourceQuality "1"]

1. d4 d6 2. e4 Nf6 3. Nc3 e5 4. Nf3 Nbd7 5. Bc4 Be7 6. Ng5 0-0 7. Bxf7+ Rxf7 8. Ne6 Qe8 9. Nxc7 Qd8 10. Nxa8 b5 11. dxe5 Nxe5 12. Nd5 Nxd5 13. Qxd5 Bf8 14. Qxb5 Bb7 15. Be3 Bxe4 16. 0-0-0 Bxg2 17. Rhg1 Qxa8 18. Qb3 Be4 19. Bf4 Bxc2 20. Qxc2 Rxf4 21. Kb1 a5 22. Rg3 a4 23. Rc3 Qg2 24. Rc8 Qxh2 25. Rb8 Qh6 26. Qd2 Qg6+ 27. Kc1 Qf6 28. Qd5+ Kh8 29. a3 h6 30. Qxd6 Qxd6 31. Rxd6 Kh7 32. Ra6 Nd3+ 33. Kd2 Nc5 0-1

[Event "Voronezh op-B 15th"]
[Site "Voronezh"]
[Date "2011.06.14"]
[Round "3"]
[White "Pershin, Denis"]
[Black "Serdjukov, Sergey"]
[Result "1-0"]
[WhiteElo "1974"]
[BlackElo "2099"]
[PlyCount "74"]
[EventDate "2011.06.12"]
[EventType "swiss"]
[EventRounds "9"]
[EventCountry "RUS"]
[SourceTitle "CBM 143 Extra"]
[Source "ChessBase"]
[SourceDate "2011.08.29"]
[SourceVersion "1"]
[SourceVersionDate "2011.08.29"]
[SourceQuality "1"]

1. e4 c5 2. Nf3 e6 3. Nc3 a6 4. d4 cxd4 5. Nxd4 b5 6. Bd3 Bb7 7. 0-0 Qc7 8. Re1 d6 9. Qf3 Ne7 10. Qg3 Ng6 11. h4 Nd7 12. h5 Nge5 13. Bf1 b4 14. Nce2 Bxe4 15. Nf4 Nc5 16. Bd2 Qb6 17. a3 b3 18. cxb3 Bb7 19. Be3 Qd8 20. f3 Be7 21. Bf2 Bf6 22. Rac1 h6 23. b4 Na4 24. Nfxe6 fxe6 25. Nxe6 Qb8 26. f4 Bc8 27. Nc7+ Kd7 28. Nxa8 Nc6 29. Bc4 Qxa8 30. Qb3 Nxb2 31. Bd5 Bb7 32. b5 Nd4 33. Bc6+ Bxc6 34. Qf7+ Kd8 35. bxc6 Nxc6 36. Qe6 Qb7 37. Qxd6+ Qd7 1-0

[Event "Voronezh op-B 14th"]
[Site "Voronezh"]
[Date "2010.06.19"]
[Round "7"]
[White "Sukhareva, Valentina"]
[Black "Serdjukov, Sergey"]
[Result "0-1"]
[WhiteElo "1932"]
[BlackElo "2102"]
[PlyCount "76"]
[EventDate "2010.06.12"]
[EventType "swiss"]
[EventRounds "9"]
[EventCountry "RUS"]
[SourceTitle "CBM 137 Extra"]
[Source "ChessBase"]
[SourceDate "2010.09.01"]
[SourceVersion "1"]
[SourceVersionDate "2010.09.01"]
[SourceQuality "1"]

1. d4 d6 2. e4 Nd7 3. Be3 Ngf6 4. Nc3 e5 5. Nf3 Be7 6. h3 c6 7. a4 a5 8. Bc4 0-0 9. 0-0 Qc7 10. Nh2 Nb6 11. Be2 Be6 12. f4 Nc4 13. Bc1 Qb6 14. Qd3 exd4 15. Nd1 Nxe4 16. Qxe4 d3+ 17. Kh1 dxe2 18. Qxe2 Bf6 19. f5 Bd5 20. Ng4 Qd8 21. Nxf6+ Qxf6 22. Nc3 Rfe8 23. Qg4 Ne3 24. Bxe3 Rxe3 25. Nxd5 cxd5 26. c3 Rae8 27. Rad1 R8e4 28. Rf4 Rxf4 29. Qxf4 Qe5 30. Qxe5 Rxe5 31. g4 Kf8 32. Rd2 Ke7 33. Kg2 Kd7 34. Kf3 Kc6 35. h4 Re4 36. Rd4 Re1 37. g5 Rf1+ 38. Ke2 Rxf5 0-1

[Event "Voronezh op-B 14th"]
[Site "Voronezh"]
[Date "2010.06.14"]
[Round "3"]
[White "Klimentov, Roman"]
[Black "Serdjukov, Sergey"]
[Result "1-0"]
[WhiteElo "2262"]
[BlackElo "2102"]
[PlyCount "71"]
[EventDate "2010.06.12"]
[EventType "swiss"]
[EventRounds "9"]
[EventCountry "RUS"]
[SourceTitle "CBM 137 Extra"]
[Source "ChessBase"]
[SourceDate "2010.09.01"]
[SourceVersion "1"]
[SourceVersionDate "2010.09.01"]
[SourceQuality "1"]

1. e4 c5 2. Nf3 a6 3. c3 e6 4. d4 d5 5. exd5 exd5 6. Be2 Nc6 7. 0-0 Bd6 8. dxc5 Bxc5 9. Bf4 Nge7 10. Nbd2 Ng6 11. Bg3 f5 12. Nb3 Bb6 13. Qd2 0-0 14. Bf4 Nxf4 15. Qxf4 Bc7 16. Qd2 Qd6 17. Rfd1 Be6 18. c4 Rad8 19. c5 Qe7 20. Nbd4 Bc8 21. b4 Rf6 22. Re1 Qf8 23. Bf1 Rh6 24. a3 Qf6 25. h3 f4 26. Nxc6 bxc6 27. Qd4 Qg6 28. Bd3 Qh5 29. Re7 Rf6 30. Rxc7 Bxh3 31. gxh3 Qxh3 32. Nh2 Re8 33. Kh1 Qh6 34. Rg1 Rf7 35. Rxf7 Kxf7 36. a4 1-0

[Event "Voronezh Region-ch"]
[Site "Voronezh"]
[Date "2009.10.17"]
[Round "7"]
[White "Klimentov, Roman"]
[Black "Serdjukov, Sergey"]
[Result "1-0"]
[WhiteElo "2256"]
[BlackElo "2133"]
[PlyCount "47"]
[EventDate "2009.10.10"]
[EventType "swiss"]
[EventRounds "9"]
[EventCountry "RUS"]
[SourceTitle "EXT 2010"]
[Source "ChessBase"]
[SourceDate "2010.11.25"]
[SourceVersion "1"]
[SourceVersionDate "2010.11.25"]
[SourceQuality "1"]

1. e4 e5 2. Nf3 Nc6 3. Bc4 Bc5 4. c3 Nf6 5. d3 d6 6. 0-0 Bg4 7. Re1 0-0 8. h3 Bh5 9. Nbd2 d5 10. exd5 Nxd5 11. Ne4 Bb6 12. Ng3 Bg6 13. Nxe5 Nxe5 14. Rxe5 Nxc3 15. bxc3 Bxf2+ 16. Kh2 Bd4 17. Rd5 Qf6 18. Rxd4 c5 19. Rd5 Qxc3 20. Rb1 Rfe8 21. Bb2 Qa5 22. Qc1 Rad8 23. Rxd8 Rxd8 24. Qc3 1-0

[Event "Voronezh Region-ch"]
[Site "Voronezh"]
[Date "2009.10.13"]
[Round "3"]
[White "Kostin, Alexey"]
[Black "Serdjukov, Sergey"]
[Result "1/2-1/2"]
[WhiteElo "2351"]
[BlackElo "2133"]
[PlyCount "47"]
[EventDate "2009.10.10"]
[EventType "swiss"]
[EventRounds "9"]
[EventCountry "RUS"]
[SourceTitle "EXT 2010"]
[Source "ChessBase"]
[SourceDate "2010.11.25"]
[SourceVersion "1"]
[SourceVersionDate "2010.11.25"]
[SourceQuality "1"]

1. e4 c5 2. Nf3 Nc6 3. c3 d5 4. exd5 Qxd5 5. d4 cxd4 6. cxd4 e5 7. Nc3 Bb4 8. Bd2 Bxc3 9. Bxc3 exd4 10. Nxd4 Nf6 11. Nxc6 Qxc6 12. Bxf6 Qxf6 13. Bb5+ Kf8 14. 0-0 g6 15. Rc1 Qxb2 16. Bc4 Qf6 17. Bb3 Kg7 18. Rc7 Be6 19. Bxe6 Qxe6 20. Qd4+ Qf6 21. Qxf6+ Kxf6 22. Rxb7 Rhb8 23. Rfb1 Rxb7 24. Rxb7 1/2-1/2

[Event "Voronezh Region-ch"]
[Site "Voronezh"]
[Date "2009.10.11"]
[Round "1"]
[White "Serdjukov, Sergey"]
[Black "Rodin, Dmitrij"]
[Result "0-1"]
[WhiteElo "2133"]
[BlackElo "2415"]
[PlyCount "98"]
[EventDate "2009.10.10"]
[EventType "swiss"]
[EventRounds "9"]
[EventCountry "RUS"]
[SourceTitle "EXT 2010"]
[Source "ChessBase"]
[SourceDate "2010.11.25"]
[SourceVersion "1"]
[SourceVersionDate "2010.11.25"]
[SourceQuality "1"]

1. d4 Nf6 2. Nf3 e6 3. g3 b6 4. Bg2 Bb7 5. 0-0 c5 6. dxc5 Bxc5 7. c4 0-0 8. Nc3 Be7 9. Bf4 Na6 10. Nb5 d5 11. Ne5 Nc5 12. Rc1 a6 13. Nd4 Rc8 14. b4 Ncd7 15. Nxf7 Rxf7 16. Nxe6 Qe8 17. cxd5 Rxc1 18. Qxc1 Bxb4 19. Qc4 a5 20. Ng5 Nc5 21. d6 Ba6 22. Qxf7+ Qxf7 23. Nxf7 Kxf7 24. Bf3 Bc4 25. Ra1 Ne6 26. a3 Bc5 27. e4 g5 28. Be5 Nd7 29. Bh5+ Kf8 30. Bb2 Bxd6 31. Rc1 b5 32. a4 Ke7 33. axb5 Nb6 34. Bc3 Bb4 35. Bd1 Kd6 36. e5+ Kc5 37. Bg4 Bxc3 38. Rxc3 Kd5 39. f4 gxf4 40. Bxe6+ Kxe6 41. gxf4 a4 42. Kf2 Bxb5 43. Rc5 Bd7 44. Kf3 Kf5 45. Ra5 h5 46. Ra6 Nd5 47. e6 Be8 48. h4 Nc7 49. e7 Nxa6 0-1

[Event "Voronezh op-B 13th"]
[Site "Voronezh"]
[Date "2009.06.17"]
[Round "6"]
[White "Ioffe, Evgeny"]
[Black "Serdjukov, Sergey"]
[Result "1-0"]
[WhiteElo "2079"]
[BlackElo "2159"]
[PlyCount "68"]
[EventDate "2009.06.12"]
[EventType "swiss"]
[EventRounds "9"]
[EventCountry "RUS"]
[SourceTitle "CBM 130 Extra"]
[Source "ChessBase"]
[SourceDate "2009.07.02"]
[SourceVersion "2"]
[SourceVersionDate "2009.07.15"]
[SourceQuality "1"]

1. e4 c5 2. Nf3 d6 3. d4 cxd4 4. Nxd4 Nf6 5. Nc3 a6 6. Be2 e5 7. Nb3 Be7 8. 0-0 0-0 9. a4 b6 10. Be3 Bb7 11. Nd5 Nxd5 12. exd5 Bg5 13. f4 Bh6 14. c4 a5 15. Qd2 Nd7 16. Bd3 Re8 17. Rae1 Rc8 18. Qf2 exf4 19. Bxf4 Rxe1 20. Rxe1 Bxf4 21. Qxf4 Ne5 22. Qe4 g6 23. Nd2 Rc7 24. b3 Bc8 25. Qe3 Re7 26. Kh1 Kg7 27. Bc2 h6 28. h3 f5 29. Nf3 g5 30. Nd4 Kf6 31. Bxf5 Bxf5 32. Rf1 Nxc4 33. Qf3 Ne3 34. Nxf5 Nxf1 1-0

[Event "Voronezh op-B"]
[Site "Voronezh"]
[Date "2008.06.20"]
[Round "9"]
[White "Serdjukov, Sergey"]
[Black "Borisovsky, Viktor"]
[Result "0-1"]
[WhiteElo "2165"]
[BlackElo "1996"]
[PlyCount "56"]
[EventDate "2008.06.12"]
[EventType "swiss"]
[EventRounds "9"]
[EventCountry "RUS"]
[SourceTitle "CBM 125 Extra"]
[Source "ChessBase"]
[SourceDate "2008.09.01"]
[SourceVersion "1"]
[SourceVersionDate "2008.09.01"]
[SourceQuality "1"]

1. d4 e6 2. Nf3 f5 3. g3 Nf6 4. Bg2 d5 5. 0-0 Bd6 6. c4 c6 7. Nc3 0-0 8. c5 Bc7 9. Bf4 Bxf4 10. gxf4 Nbd7 11. Ne5 Ne4 12. Nxe4 fxe4 13. f3 Rxf4 14. Nxd7 Bxd7 15. fxe4 Rxf1+ 16. Qxf1 Qg5 17. Qc1 Qh4 18. Qe3 Rf8 19. Qg3 Qh6 20. e3 dxe4 21. Re1 Qh5 22. Bxe4 e5 23. d5 Rf6 24. Kh1 Qf7 25. Rg1 cxd5 26. Bxd5 Qxd5+ 27. Qg2 Qxg2+ 28. Kxg2 Rg6+ 0-1

[Event "Voronezh op-B"]
[Site "Voronezh"]
[Date "2008.06.16"]
[Round "5"]
[White "Serdjukov, Sergey"]
[Black "Pranizin, Gennady"]
[Result "1-0"]
[WhiteElo "2165"]
[BlackElo "2086"]
[PlyCount "71"]
[EventDate "2008.06.12"]
[EventType "swiss"]
[EventRounds "9"]
[EventCountry "RUS"]
[SourceTitle "CBM 125 Extra"]
[Source "ChessBase"]
[SourceDate "2008.09.01"]
[SourceVersion "1"]
[SourceVersionDate "2008.09.01"]
[SourceQuality "1"]

1. d4 d5 2. c4 e6 3. Nf3 Nf6 4. g3 dxc4 5. Qa4+ Nc6 6. Qxc4 Bb4+ 7. Nc3 Nd5 8. Bg2 0-0 9. 0-0 Bxc3 10. bxc3 a6 11. e4 Nde7 12. a4 b5 13. Qc5 Bb7 14. axb5 axb5 15. Bf4 f5 16. Qxb5 Qc8 17. Rxa8 Qxa8 18. Qb3 Nd8 19. Bxc7 fxe4 20. Ng5 Nf5 21. Bxd8 Bd5 22. c4 Qxd8 23. cxd5 Qxg5 24. dxe6 Kh8 25. Bxe4 Nxd4 26. Qd5 Qf6 27. e7 Ne2+ 28. Kg2 Qxe7 29. Qd3 Nc3 30. Bxh7 Qb7+ 31. f3 Nd5 32. Be4 Nb4 33. Qd6 Qb8 34. Qg6 Kg8 35. Qe6+ Kh8 36. Qh3+ 1-0

[Event "Voronezh op-B"]
[Site "Voronezh"]
[Date "2008.06.13"]
[Round "2"]
[White "Serdjukov, Sergey"]
[Black "Martov, Vadim"]
[Result "1-0"]
[WhiteElo "2165"]
[BlackElo "2041"]
[PlyCount "59"]
[EventDate "2008.06.12"]
[EventType "swiss"]
[EventRounds "9"]
[EventCountry "RUS"]
[SourceTitle "CBM 125 Extra"]
[Source "ChessBase"]
[SourceDate "2008.09.01"]
[SourceVersion "1"]
[SourceVersionDate "2008.09.01"]
[SourceQuality "1"]

1. d4 d5 2. c4 c6 3. Nc3 Nf6 4. Nf3 a6 5. e3 b5 6. b3 g6 7. Bd3 Bf5 8. Bxf5 gxf5 9. Ne5 Qc8 10. f3 Nbd7 11. 0-0 e6 12. e4 dxe4 13. Bg5 e3 14. Nxd7 Nxd7 15. Bf4 Nf6 16. Be5 Be7 17. Qd3 0-0 18. Qxe3 Nd7 19. Bf4 Re8 20. Kh1 Nf6 21. Be5 Nd7 22. Bf4 Nf6 23. g4 fxg4 24. fxg4 c5 25. Be5 Qc6+ 26. d5 exd5 27. Qg5+ Kf8 28. Qh6+ Kg8 29. Rxf6 Bxf6 30. Bxf6 1-0

[Event "Voronezh City-ch"]
[Site "Voronezh"]
[Date "2007.12.14"]
[Round "11"]
[White "Provotorov, Ivan"]
[Black "Serdjukov, Sergey"]
[Result "1-0"]
[WhiteElo "2401"]
[BlackElo "2227"]
[PlyCount "69"]
[EventDate "2007.12.04"]
[EventType "tourn"]
[EventRounds "13"]
[EventCountry "RUS"]
[EventCategory "5"]
[SourceTitle "CBM 122 Extra"]
[Source "ChessBase"]
[SourceDate "2008.03.04"]
[SourceVersion "1"]
[SourceVersionDate "2008.03.04"]
[SourceQuality "1"]

1. e4 c5 2. c3 d5 3. exd5 Qxd5 4. d4 cxd4 5. cxd4 Nc6 6. Nf3 e5 7. Nc3 Bb4 8. Bd2 Bxc3 9. Bxc3 e4 10. Ne5 Nxe5 11. dxe5 Ne7 12. Qc2 Bf5 13. Rd1 Qc6 14. Rd6 e3 15. Rxc6 Bxc2 16. Rc7 exf2+ 17. Kxf2 Be4 18. Bb5+ Bc6 19. Bb4 0-0 20. Bxe7 Bxb5 21. Bxf8 Kxf8 22. Rxb7 Bc6 23. Rc7 Bd5 24. Rd1 Be6 25. b4 a6 26. a4 g5 27. Rd2 Rb8 28. Rb2 Ke8 29. b5 Kd8 30. b6 h5 31. Rd2+ Ke8 32. b7 a5 33. Rd6 Bf5 34. e6 Bxe6 35. Rxe6+ 1-0

[Event "Voronezh City-ch"]
[Site "Voronezh"]
[Date "2007.12.09"]
[Round "6"]
[White "Kiselev, Maxim"]
[Black "Serdjukov, Sergey"]
[Result "1-0"]
[WhiteElo "2206"]
[BlackElo "2227"]
[PlyCount "75"]
[EventDate "2007.12.04"]
[EventType "tourn"]
[EventRounds "13"]
[EventCountry "RUS"]
[EventCategory "5"]
[SourceTitle "CBM 122 Extra"]
[Source "ChessBase"]
[SourceDate "2008.03.04"]
[SourceVersion "1"]
[SourceVersionDate "2008.03.04"]
[SourceQuality "1"]

1. d4 d5 2. Nf3 Nf6 3. c4 dxc4 4. e3 a6 5. Bxc4 b5 6. Bb3 e6 7. 0-0 Bb7 8. Qe2 Nbd7 9. Rd1 Qb8 10. a3 c5 11. Nc3 Bd6 12. h3 0-0 13. Bc2 e5 14. dxc5 Nxc5 15. e4 Ne6 16. g3 Bc5 17. Nd5 Nxd5 18. exd5 Nd4 19. Nxd4 Bxd4 20. Be3 Qd6 21. Qd3 f5 22. Bxd4 exd4 23. Qxd4 Rae8 24. Qd3 Qh6 25. h4 f4 26. Re1 fxg3 27. fxg3 Qb6+ 28. Kh1 g6 29. h5 Rxe1+ 30. Rxe1 Rf5 31. Re8+ Kf7 32. hxg6+ hxg6 33. Re4 Qf2 34. Rf4 Qe1+ 35. Kg2 Rxf4 36. gxf4 Ke7 37. Qe4+ Qxe4+ 38. Bxe4 1-0